000 00922cam a22002771i 4500
001 15484876
003 EG-ScBUE
005 20250515083222.0
008 081015s2009 nyua f b 001 0 eng d
020 _a0521875625
020 _a9780521875622
040 _aEG-ScBUE
_beng
_erda
_cEG-ScBUE
_dEG-ScBUE
082 0 4 _a531
_222
_bNAI
100 1 _aNair, Sudhakar,
_d1944-
_eauthor.
_923500
245 1 0 _aIntroduction to continuum mechanics /
_cSudhakar Nair, Illinois Institute of Technology.
246 3 0 _aContinuum mechanics
264 1 _aNew York :
_bCambridge University Press,
_c2009.
300 _axii, 237 pages :
_billustrations ;
_c27 cm
336 _2rdacontent
_atext
_btxt
337 _aunmediated
_2rdamedia
_bn
338 _avolume
_bnc
_2rdacarrier
504 _aIncludes bibliographical references and index.
650 7 _aContinuum mechanics.
_923501
_2BUEsh
655 _vReading book
942 _2ddc
_cBB
999 _c15222
_d15222